| 000 | 00528nam a2200157 a 4500 | ||
|---|---|---|---|
| 008 | 201202s2007 ||||||||||||||||| || u | ||
| 020 | _a9780340911709 | ||
| 050 | _aPZ 7.M869647 | ||
| 100 | _aMuchamore, Robert | ||
| 245 | 1 | 4 |
_aThe fall _cBy Robert Muchamore |
| 260 |
_aLondon _bHodder Children's Books _c2007 |
||
| 300 | _a330 pages | ||
| 350 | _a20.04 | ||
| 650 | _aENGLISH LANGUAGE | ||
| 995 |
_FCBU-MAIN LIBRARY (Kitwe) _I20.04 _M1 _UAVAILABLE _WDec 11, 2020 _ZFiction Collection |
||
| 999 |
_c43122 _d43122 |
||